[Papers presented at The 3rd International Conference on Valuing Infrastucture & Utility Properties held at Grand Mercure Fortune Bangkok Hotel, Bangkok on July 20 - 22, 2008]

Bibliographic Details
Corporate Authors: International Conference on Valuing Infrastucture & Utility Properties, Thai Appraisal Foundation
Format: Book
Published: 2008
Subjects:

MARC

LEADER 00000cam a2200000 7i4500
001 0000020517
005 20080826.0
040 |a INS 
090 0 0 |a S222 
110 2 |a International Conference on Valuing Infrastucture & Utility Properties   |n 3rd   |k 2008   |c Bangkok 
245 1 0 |a [Papers presented at The 3rd International Conference on Valuing Infrastucture & Utility Properties held at Grand Mercure Fortune Bangkok Hotel, Bangkok on July 20 - 22, 2008] 
260 |c 2008 
300 |a 1v. ( Various paging ) :   |b ill., pic. ;   |c 30 cm. 
500 |a Organised by Thai Appraisal Foundation 
500 |a Unpublished 
650 0 0 |a Infrastructure (Economics)   |x Congresses 
650 0 0 |a Infrastructure (Economics)   |x Valuation 
650 0 0 |a Public utilities   |x Valuation 
710 1 |a Thai Appraisal Foundation 
999 |a S000000422   |b BOOK   |c Seminar   |e Default branch